000 00552nam a2200133 4500
999 _c9007
_d9007
008 180402b ||||| |||| 00| 0 eng d
082 _aDPer 050 Dec 2015-Mar 2016 T48 v186-187
100 _927092
_aBeech, Hannah.
245 _aIs China kidnapping its critics?:
_bthe mysterious case of five missing publishers spotlights Beijing's growing intolerance/
_cHannah Beech.
260 _aNew York :
_bTime Inc.,
_c©Dec 2015-Mar 2016.
300 _av187 n3, pages 34-38:
_billustrations;
_c27 cm.
650 0 _927093
_aCrime
_xKidnapping.
942 _2ddc
_cPER